| 000 | 02134nam a2200277 a 4500 | ||
|---|---|---|---|
| 001 | BRCA_8774 | ||
| 005 | 20190320210414.0 | ||
| 008 | 310317s1709----sp-#######---#000-0#spa-# | ||
| 041 | _aspa | ||
| 044 | _asp | ||
| 084 |
_aBE138 _b.G37 1709 |
||
| 100 | 1 |
_aGarau, Francisco _921861 |
|
| 245 | 1 | 0 |
_aEl sabio instruido en varias máximas o ideas evangelicas, políticas, y morales _bañadidas en esta ultima impresión por el mismo autor, con sus índices muy copiosos, y variedad de asuntos predicables, para todos los Evangelicos del año, dedicadas al amante de Christo, pasmo de las gentes, San Antonio de Padua _cpor el R.P. Francisco Garau... |
| 260 |
_aMadrid _bpor Antonio González de Reyes _c1709 |
||
| 300 |
_a[12], 406 p. (t.1) _c20.8 x 15.5 cm. |
||
| 500 | _aCon privilegio | ||
| 500 | _aEstado físico: presenta encuadernación en pergamino y cintas rotas | ||
| 500 | _aCon marca de fuego: “Procedencia de la marca: Convento de San Francisco Santa María del Pueblito de Querétaro(1). Institución: Orden de Frailes Menores. Provincia de San Pedro y San Pablo de Michoacán. Descripción: Monograma conformado por las iniciales “P”, “u”, “E” seguidas de “b”, “I”, “T” y “o” que se desata como Pueblito(2) dentro de un filete en forma de rombo. Observaciones: Krausse la incluye entre las marcas no identificadas. David Saavedra la identifica como del Convento Franciscano de Santa María del Pueblito, Villa Corregidora de Querétaro. Con el testimonio de pertenencia ubicado en este ejemplar se corrobora la atribución realizada por David Saavedra. Ubicación de la marca en el libro: Canto superior, inferior y lateral” | ||
| 650 | 1 | 4 |
_aGracia (Teología) _yObras anteriores a 1800 _921862 |
| 650 | 1 | 4 |
_aMáximas _yObras anteriores a 1800 _921863 |
| 700 | 1 |
_aLaso, Francisco _emercader de libros _921864 |
|
| 700 | 1 |
_aGonzález de Reyes, Antonio _eImpresor _921865 |
|
| 856 | _ahttp://www.marcasdefuego.buap.mx:8180/xmLibris/projects/firebrand/item.jsp?repository=marcas_de_fuego&key=marcas_de_fuego_franciscanas_20150618135223_2ccc.xml&num=124 | ||
| 902 | _aCFM | ||
| 942 |
_2lcc _cB |
||
| 999 |
_c8425 _d8425 |
||